000 00763nas a22001817a 4500
008 210325b th ||||| |||| 00| 0 tha d
022 _a19058896
037 _nจัดซื้อวารสาร
041 0 _atha
245 1 0 _aน่านฟ้า
260 3 _aกาญจนบุรี :
_bบริษัท ไทเกอร์ เทมเพิล แมกกาซีน จำกัด
310 _aรายสามเดือน
850 _aNALT
942 _cJNR
997 _c51944
999 _c91944
_d91944